02059nab a22003137a 4500999001500000003000400015005001700019008004100036040000700077100004300084245014100127260007300268300001600341500008400357505063700441505009601078505008901174650002801263650005801291650002001349650003601369650005501405650003301460650003401493650003801527650002701565773014001592942001301732 c5263d5263OSt20250209221700.0190603e xxum|||| |||| 00| 0 spa d cPJ 96317aGarcía de Solavagione, Alicia 10aPara las agencias eres una vasija (Y. C.) :ba raíz del fallo de la CSJN sobre maternidad subrogada /cAlicia García de Solavagione. cCiudad Autónoma de Buenos Aires :aThomson Reuters La Ley, b2025. ap. 190-203. aCita Online: TR LALEY AR/DOC/44/2025. Publicado en: RCCyC 2025 (febrero) , 190. aSumario: I. Pórtico.— II. El derrotero de los progenitores locatarios/comitentes; la progenitora subrogada y la justicia argentina.— III. Argumentos de los comitentes en segunda instancia.— IV. Argumentos de la Cámara Nacional de Apelaciones en lo Civil. Sala "E".— V. Recurso extraordinario federal.— VI. Exégesis de los argumentos de la CS. La indispensable certeza jurídica. Nuestras ideas y preocupaciones acerca de la maternidad subrogada.— VII. Estados de familia.— VIII. Gestación por sustitución transnacional. Turismo procreativo. Vida privada. Interés superior familiar.— IX. Bibliografía.  aFallo comentado: CS ~ 22/10/2024 ~ S., I. N. c. A., C. L. s/ impugnación de filiación. t¿Te interesa el texto completo? Solicitalo al correo: koha@justierradelfuego.gov.ar 09967aDERECHO DE FAMILIA 092741aDERECHOS DE LAS NIÑAS, NIÑOS Y ADOLESCENTES 091004aFILIACION 094486aGESTACION POR SUSTITUCION 094292aTÉCNICAS DE REPRODUCCIÓN HUMANA ASISTIDA 095385aVOLUNTAD PROCREACIONAL 094044aPERSPECTIVA DE GÉNERO 094097aINTERES SUPERIOR DEL NIÑO 09234aDERECHO COMPARADO0 0271393170dCiudad Autónoma de Buenos Aires : Thomson Reuters La Ley, 2015-tRevista Código Civil y Comercial. Nº 1 - Febrero 2025 2udccANA